Missing Word: Best Songs of the 2000s Quiz Stats

 Plays Quiz Updated Sep 6, 2017

Challenge
Share
Tweet
Embed
Score 0/20 Timer 03:00
0 Plays Today
Song Word % Correct
Cry Me a _____River
96.8%
_____ U Been GoneSince
95.1%
Can't Get You _____ of My HeadOut
94.8%
Are _____ Gonna Be My GirlYou
93.6%
Gold _____Digger
85%
American _____Idiot
83.3%
Hey _____!Ya
82.6%
Clint _____Eastwood
81.5%
99 _____Problems
80.9%
_____ YourselfLose
80.6%
Song Word % Correct
Seven _____ ArmyNation
79.6%
In Da _____Club
79.5%
_____ La VidaViva
78.5%
_____ in LoveCrazy
73.8%
Mr. _____Brightside
72.3%
_____ DayBeautiful
70.8%
Get Ur _____ OnFreak
67.3%
_____ Me OutTake
67%
_____ PlanesPaper
62.6%
Not _____ to Make NiceReady
36.2%

Today's Daily Dose

You're not logged in!

Compare scores with friends on all Sporcle quizzes.
Join for Free
OR
Log In

You Might Also Like...

Show Comments

Extras

Top Quizzes Today


Score Distribution

Your Account Isn't Verified!

In order to create a playlist on Sporcle, you need to verify the email address you used during registration. Go to your Sporcle Settings to finish the process.

Report this User

Report this user for behavior that violates our Community Guidelines.

Details: